Provocations : (Record no. 7826)

MARC details
000 -LEADER
fixed length control field 00536cam a2200205ua 4500
001 - CONTROL NUMBER
control field 8735
005 - DATE AND TIME OF LATEST TRANSACTION
control field 20260515114354.0
008 - FIXED-LENGTH DATA ELEMENTS--GENERAL INFORMATION
fixed length control field 150213n ii |||gr||||Z||||||eng
020 ## - INTERNATIONAL STANDARD BOOK NUMBER
International Standard Book Number 0863114466
040 ## - CATALOGING SOURCE
Transcribing agency MAIN
041 ## - LANGUAGE CODE
Language code of text/sound track or separate title eng
082 ## - DEWEY DECIMAL CLASSIFICATION NUMBER
Classification number 820.954
100 ## - MAIN ENTRY--PERSONAL NAME
Personal name Marathe, S.,
Relator term Editor.
245 1# - TITLE STATEMENT
Title Provocations :
Remainder of title Teaching of english literature in India /
Statement of responsibility, etc. Edited by S. Marathe .
250 ## - EDITION STATEMENT
Edition statement 1st.
260 ## - PUBLICATION, DISTRIBUTION, ETC.
Place of publication, distribution, etc. New Delhi:
Name of publisher, distributor, etc. Orient,
Date of publication, distribution, etc. 1993.
300 ## - PHYSICAL DESCRIPTION
Extent 246p.
653 ## - INDEX TERM--UNCONTROLLED
Uncontrolled term English.& Old English literatures
942 ## - ADDED ENTRY ELEMENTS (KOHA)
Koha item type Books
Holdings
Withdrawn status Lost status Damaged status Not for loan Home library Current library Shelving location Date acquired Total checkouts Full call number Barcode Date last seen Copy number Price effective from Koha item type
        Naharkatiya College Library Naharkatiya College Library General stacks 09/19/2020   820.954 | PRO 4455 09/19/2020 1 09/19/2020 Books